The associational economy : (Record no. 2115)
[ view plain ]
| 000 -LEADER | |
|---|---|
| fixed length control field | 01219nac a22002651u 4500 |
| 010 ## - LIBRARY OF CONGRESS CONTROL NUMBER | |
| LC control number | 97041147 |
| 020 ## - INTERNATIONAL STANDARD BOOK NUMBER | |
| International Standard Book Number | 0198290187 |
| 082 00 - DEWEY DECIMAL CLASSIFICATION NUMBER | |
| Classification number | 330.94 |
| Item number | C7741 |
| 090 ## - LOCALLY ASSIGNED LC-TYPE CALL NUMBER (OCLC); LOCAL CALL NUMBER (OCLC) | |
| -- | 2115 |
| -- | 2115 |
| 100 ## - MAIN ENTRY--PERSONAL NAME | |
| Personal name | Cooke, Philip |
| 245 14 - TITLE STATEMENT | |
| Title | The associational economy : |
| Remainder of title | firms, regions, and innovation / |
| Statement of responsibility, etc | Philip Cooke and Kevin Morgan. |
| 260 ## - PUBLICATION, DISTRIBUTION, ETC. (IMPRINT) | |
| Place of publication, distribution, etc | Oxford [England] ; |
| -- | New York : |
| Name of publisher, distributor, etc | Oxford University Press,1998 |
| Date of publication, distribution, etc | 1998. |
| 300 ## - PHYSICAL DESCRIPTION | |
| Extent | viii, 247 p. : |
| Other physical details | ill. ; |
| Dimensions | 24 cm. |
| 504 ## - BIBLIOGRAPHY, ETC. NOTE | |
| Bibliography, etc | Includes bibliographical references (p. [221]-238) and index. |
| 650 #0 - SUBJECT ADDED ENTRY--TOPICAL TERM | |
| Topical term or geographic name as entry element | Regional planning |
| Geographic subdivision | Europe. |
| 650 #0 - SUBJECT ADDED ENTRY--TOPICAL TERM | |
| Topical term or geographic name as entry element | Research, Industrial |
| Geographic subdivision | Europe. |
| 650 #0 - SUBJECT ADDED ENTRY--TOPICAL TERM | |
| Topical term or geographic name as entry element | Technological innovations |
| General subdivision | Economic aspects |
| Geographic subdivision | Europe. |
| 650 #0 - SUBJECT ADDED ENTRY--TOPICAL TERM | |
| Topical term or geographic name as entry element | Competition, International. |
| 651 #0 - SUBJECT ADDED ENTRY--GEOGRAPHIC NAME | |
| Geographic name | Europe |
| General subdivision | Economic conditions |
| Chronological subdivision | 1945- |
| General subdivision | Regional disparities. |
| 700 1# - ADDED ENTRY--PERSONAL NAME | |
| Personal name | Morgan, Kevin. |
| 856 42 - ELECTRONIC LOCATION AND ACCESS | |
| Materials specified | Publisher description |
| Uniform Resource Identifier | <a href="http://www.loc.gov/catdir/enhancements/fy0604/97041147-d.html">http://www.loc.gov/catdir/enhancements/fy0604/97041147-d.html</a> |
| 856 42 - ELECTRONIC LOCATION AND ACCESS | |
| Materials specified | Table of contents only |
| Uniform Resource Identifier | <a href="http://www.loc.gov/catdir/enhancements/fy0604/97041147-t.html">http://www.loc.gov/catdir/enhancements/fy0604/97041147-t.html</a> |
| 942 ## - ADDED ENTRY ELEMENTS (KOHA) | |
| Item type | Book - Borrowing |
| Call number prefix | 330.94C7741 |
| Withdrawn status | Item status | Damaged status | Not for loan | Home library | Current library | Shelving location | Date acquired | Source of acquisition | Total Checkouts | Full call number | Barcode | Date last seen | Cost, replacement price | Koha item type |
|---|---|---|---|---|---|---|---|---|---|---|---|---|---|---|
| Central Library | Central Library | First floor | 07/02/2011 | Purchase | 330.94 COO | 000002244 | 15/07/2025 | 250.30 | Book - Borrowing |